000 00876nam a2200289Ia 4500
003 OSt
005 20221006160052.0
006 a|||||r|||| 00| 0
007 ta
008 221006b |||||||| |||| 00| 0 eng d
020 _a9788991913820
_c
_34.00
024 _a44,196
037 _bGift, KCC (Window on Korea)
_cTextual
040 _aEASL
_cEASL
_beng
041 _2eng
_aeng
082 _aQ4.495, Q1
100 _aKyongsan Dharma master
_9671759
245 0 _aFunctioning of a Buddha's mind
_b The diamond sutra in daily life
260 _aSeoul
_bSeoul Selection Korea
_c2011
300 _a377p.
_ccm.
490 _v KEL
650 _a KEL
650 _a Korea - Buddha - Teachings of
_9671760
650 _aKorea - Buddhism
942 _hQ4.495, Q1
_cTEXL
_2CC
999 _c1112288
_d1112288